000 00309nam a2200109 4500
999 _c13179
_d13179
008 190211b ||||| |||| 00| 0 eng d
245 _aHigh quality charcoal produced from bamboo.
260 _aPhilippines
_bThe Philippine Star
_cc2017
300 _apage B5.
650 0 _936860
_aInventions.
942 _2ddc
_cPER